000 00510nam a2200205Ia 4500
003 OSt
005 20230401095713.0
008 210423s2008 xx 000 0 und d
020 _a9780761936152
040 _cAL
041 _aeng
082 _a658.421 BHAS
100 _aBHARGAVA (Shivganesh),Ed.
_981491
245 _aEntrepreneurial management.
260 _aLondon
_bResponse Books
_c2008
300 _a344
_bHB
365 _b295
_cINR
906 _aEntrepreneurial ; management.
942 _2ddc
_cBK
999 _c157797
_d157797